|
|
|
|
| LEADER |
01418nam a22003734a 4500 |
| 001 |
EBC3300605 |
| 003 |
MiAaPQ |
| 005 |
20200520144314.0 |
| 006 |
m o d | |
| 007 |
cr cn||||||||| |
| 008 |
030521s2003 maua sb 001 0 eng |
| 020 |
|
|
|z 0674010353 (alk. paper)
|
| 035 |
|
|
|a (MiAaPQ)EBC3300605
|
| 035 |
|
|
|a (Au-PeEL)EBL3300605
|
| 035 |
|
|
|a (CaPaEBR)ebr10326151
|
| 035 |
|
|
|a (OCoLC)923112335
|
| 040 |
|
|
|a MiAaPQ
|c MiAaPQ
|d MiAaPQ
|
| 050 |
|
4 |
|a HE7631
|b .N516 2003
|
| 082 |
0 |
4 |
|a 327.2/09/034
|2 22
|
| 100 |
1 |
|
|a Nickles, David Paull,
|d 1966-
|
| 245 |
1 |
0 |
|a Under the wire
|h [electronic resource] :
|b how the telegraph changed diplomacy /
|c David Paull Nickles.
|
| 260 |
|
|
|a Cambridge, Mass. :
|b Harvard University Press,
|c 2003.
|
| 300 |
|
|
|a 265 p. :
|b ill.
|
| 490 |
1 |
|
|a Harvard historical studies ;
|v 144
|
| 504 |
|
|
|a Includes bibliographical references (p. [197]-256) and index.
|
| 533 |
|
|
|a Electronic reproduction. Ann Arbor, MI : ProQuest, 2015. Available via World Wide Web. Access may be limited to ProQuest affiliated libraries.
|
| 650 |
|
0 |
|a Telegraph
|x History.
|
| 650 |
|
0 |
|a Diplomacy
|x History.
|
| 650 |
|
0 |
|a Diplomats
|x History.
|
| 650 |
|
0 |
|a Negotiation
|x History.
|
| 655 |
|
4 |
|a Electronic books.
|
| 710 |
2 |
|
|a ProQuest (Firm)
|
| 830 |
|
0 |
|a Harvard historical studies ;
|v v. 144.
|
| 856 |
4 |
0 |
|u https://ebookcentral.proquest.com/lib/matrademy/detail.action?docID=3300605
|z Click to View
|